000 00797nam a2200193 i 4500
001 158192
003 ES-MaACL
005 20240713063132.0
008 011026s1885 fr |||| | fre d
100 1 _aLucas, Charles,
_d1803-1889
_9129118
245 1 0 _aDe l'état anormal en France de la répression en matière de crimes capitaux et des moyens d'y remédier
_b: précédé d'un avant-propos et d'une introduction /
_cpar Ch. Lucas.
260 _aParis :
_bG. Pedone-Lauriel,
_c1885.
300 _aXLIV, 179 p. ;
_c23 cm.
650 4 _aPena de muerte-
_zFrancia.
_9167525
650 4 _aDerecho penal-
_zFrancia.
_9155135
752 _aFrancia -
_dParís
852 _aES-MaACL
_jD-217
_z- Enc. hol.
_z. - Donativo de Lastres al Ateneo de Madrid, 1907
999 _c158192
_d158192